000 00550nam a2200205 a 4500
008 000419s1961 m yxo a r 0 slo c
020 _c36,60
040 _aSNK
_bslo
_cSNK
_eAACR2
041 1 _aslo
044 _axo
_cSK
080 _a641.5(083.12)
245 1 0 _aNaša kuchárka
_crecepty zozbierala Anna Klimová
260 _aBratislava
_c1961
_bOsveta
300 _bilustr.
650 0 7 _ajedlá
_xpríprava
_xknihy kuchárske
_2SNK
650 0 7 _aknihy kuchárske
_2SNK
700 1 _aKlimová, Anna
_4com
100 1 _aDvorký, A.
958 _aAPP
999 _c19675
_d19675